The American spirit in literature : a chronicle of great interpreters /

Bibliographic Details
Main Author: Perry, Bliss, 1860-1954 (Author)
Format: Book
Language:English
Published: Toronto : Glasgow, Brook ; 1918.
New York : United States Publishers Association, 1918.
Edition:Textbook ed.
Series:Chronicles of America series ; v. 34.
Subjects:

MARC

Tag First Indicator Second Indicator Subfields
LEADER 00000cam a2200000 i 4500
001 in00004804413
008 770518s1918 onc bi 001 0 eng d
005 20240807181300.5
035 |a (OCoLC)ocm02976284  
040 |a UPC  |b eng  |e rda  |c UPC  |d NRC  |d OCLCQ  |d OCLCG  |d OCLCQ  |d IUI  |d FYF  |d OCLCF  |d OCLCQ  |d OCLCO  |d OCLCQ  |d OCLCL 
035 |a (OCoLC)02976284 
050 4 |a PS88  |b .P4 1918b 
082 0 4 |a 810.9 
049 |a MAIN 
100 1 |a Perry, Bliss,  |d 1860-1954.  |1 https://id.oclc.org/worldcat/entity/E39PBJktkHPvkXhwT9hVmm8XBP  |0 http://id.loc.gov/authorities/names/n50009730,  |e author 
245 1 4 |a The American spirit in literature :  |b a chronicle of great interpreters /  |c by Bliss Perry. 
250 |a Textbook ed. 
264 1 |a Toronto :  |b Glasgow, Brook ;  |c 1918. 
264 1 |a New York :  |b United States Publishers Association,  |c 1918. 
300 |a vii, 281 pages ;  |c 18 cm 
336 |a text  |b txt  |2 rdacontent 
337 |a unmediated  |b n  |2 rdamedia 
338 |a volume  |b nc  |2 rdacarrier 
490 1 |a The Yale chronicles of America series ;  |v v. 34 
504 |a Includes bibliographical references and index. 
505 0 |a Ch. 1. The pioneers -- Ch. 2. The first colonial literature -- Ch. 3. The third and fourth generation -- Ch. 4. The revolution -- Ch. 5. The Knickerbocker group -- Ch. 6. The trancendentalists -- Ch. 7. Romance, poetry, and history -- Ch. 8. Poe and Whitman -- Ch. 9. Union and liberty -- Ch. 10. A new nation -- Bibliographical note -- Index. 
590 |b TAG Physical Holdings 2 
650 0 |a American literature  |x History and criticism.  |0 http://id.loc.gov/authorities/subjects/sh85004351 
650 7 |a American literature.  |2 fast  |0 (OCoLC)fst00807113 
655 7 |a Criticism, interpretation, etc.  |2 fast  |0 (OCoLC)fst01411635 
776 0 8 |i Online version:  |a Perry, Bliss, 1860-1954.  |t American spirit in literature.  |b Textbook ed.  |d Toronto : Glasgow, Brook ; New York : United States Publishers Association, 1918  |w (OCoLC)936127293 
830 0 |a Chronicles of America series ;  |v v. 34.  |0 http://id.loc.gov/authorities/names/n84804217 
994 |a 92  |b TAG 
852 0 |a TAG  |b TAGC  |c galv,sc  |h PN51 .P4  |t c.1 
876 |p 33620000424917  |u noncirc  |v unmediated -- volume 
999 f f |s 51e6ce6c-6a28-4873-a660-8264ea7382b9  |i 75525f8d-b130-4c41-8d5b-077c9b0492c5  |t 0 
952 f f |p noncirc  |a Texas A&M University  |b Galveston Campus  |c Jack K. Williams Library  |d Galveston Special Collections  |t 0  |e PN51 .P4  |h Library of Congress classification  |i unmediated -- volume  |m 33620000424917 
998 f f |a PN51 .P4  |t 0  |l Galveston Special Collections